• 首页
  • 本馆介绍
  • 公告通知
  • 最新文献
  • 馆藏检索
  • 电子资源
  • 读者导购
  • 参考咨询
  • 我的图书馆
  • 登录
  • 详细信息显示
  • 放入我的书架
  • 预约/预借图书
  • 作者相关作品
  • 分类相关作品
  • 丛书相关作品
  • 出版社相关作品

书目信息

  • 表格格式
  • 工作单格式
  • 卡片格式
题名:
学不可以已
    
 
作者: 沈云波 著
分册:  
出版信息: 上海   上海人民出版社  2016
页数: 560页
开本: 21cm
丛书名:
单 册:
中图分类: B222.65
科图分类:
主题词: 儒家--ru jia--研究
电子资源:
ISBN: 978-7-208-14224-4
000 01196nam0 22002651 450
001 1754478059
005 20170516112211.0
010    @a978-7-208-14224-4@dCNY58.00
100    @a20170307d2016 em y0chiy50 ea
101 0  @achi
102    @aCN@b310000
105    @ay z 000yy
106    @ar
200 1  @a学不可以已@9xue bu ke yi yi@e《荀子》思想研究@f沈云波著
210    @a上海@c上海人民出版社@d2016
215    @a560页@d21cm
314    @a沈云波 (1978-),贵州思南人,哲学博士,现就职于东华大学马克思主义学院。
330    @a本书分成导论和本论两个部分,在导论部分,首先回顾了《荀子》的研究历史;其次以《论语》为参照,初步揭示出“学、政、道”三位一体是《荀子》思想世界的基本结构,最后以《论语》、《孟子》、《老子》、《庄子》等文本为参照,进一步说明了“学”是儒家审视世界的独特的姿态和立场,“政”是政治的共同生活,“道”是超越于政治的更为广阔的共同的生活空间。与之相应,本论便分成“学”、“政”、“道”三个部分共六章。
517 1  @a《荀子》思想研究@9xun zi si xiang yan jiu
605    @a《荀子》@Axun zi@x研究
606 0  @a儒家@9ru jia@x研究
690    @aB222.65@v4
701  0 @a沈云波@9shen yun bo@f(1978-)@4著
801  0 @aCN@b百万庄@c20170512
905    @b1005216-21@dB222.65@e585@f6
    
    学不可以已:《荀子》思想研究/沈云波著.-上海:上海人民出版社,2016
    560页;21cm
    
    
    ISBN 978-7-208-14224-4:CNY58.00
    本书分成导论和本论两个部分,在导论部分,首先回顾了《荀子》的研究历史;其次以《论语》为参照,初步揭示出“学、政、道”三位一体是《荀子》思想世界的基本结构,最后以《论语》、《孟子》、《老子》、《庄子》等文本为参照,进一步说明了“学”是儒家审视世界的独特的姿态和立场,“政”是政治的共同生活,“道”是超越于政治的更为广阔的共同的生活空间。与之相应,本论便分成“学”、“政”、“道”三个部分共六章。
●
相关链接 在E读中查询图书 在五车中查询图书 在当当中查询图书 在豆瓣中查询图书


正题名:学不可以已     索取号:B222.65/585         预约/预借

序号 登录号 条形码 馆藏地/架位号 状态 备注
1 1005216   210052164   第一样本阅览室/ [索取号:B222.65/585] 在馆    
2 1005217   210052173   教育系资料室/ [索取号:B222.65/585] 在馆    
3 1005218   210052182   教育系资料室/ [索取号:B222.65/585] 在馆    
4 1005219   210052191   教育系资料室/ [索取号:B222.65/585] 在馆    
5 1005220   210052208   第一借阅区/ [索取号:B222.65/585] 在馆    
6 1005221   210052217   第一借阅区/ [索取号:B222.65/585] 在馆    
唐山师范学院图书馆 欢迎您!
大连网信软件有限公司© 版权所有